LEADER 02232nam 2200637 n 450 001 9910130893003321 005 20170822132838.0 010 $a1-118-66528-7 035 $a(CKB)3450000000004544 035 $a(MH)000669132-3 035 $a(SSID)ssj0000726731 035 $a(PQKBManifestationID)11418156 035 $a(PQKBTitleCode)TC0000726731 035 $a(PQKBWorkID)10683924 035 $a(PQKB)10148432 035 $a(PPN)19024237X 035 $a(EXLCZ)993450000000004544 100 $a20720112d1971 uy 0 101 0 $aeng 181 $ctxt 182 $cc 183 $acr 200 10$aSynthetic streamflows$f[by] Myron B. Fiering [and] Barbara B. Jackson$b[electronic resource] 210 0 $aWashington$cAmerican Geophysical Union$d1971 215 $a1 online resource (vii, 98 p.)$cillus 225 0 $aWater resources monograph Synthetic streamflows 225 0$aWater resources monograph,$v1 300 $aBibliographic Level Mode of Issuance: Monograph 311 $a0-87590-300-2 320 $aBibliography: p. 95-98. 606 $aStream measurements$xStatistical methods 606 $aRivers 606 $aStreamflow$xStatistical methods 606 $aStreamflow$xStatistical methods 606 $aGeography$2HILCC 606 $aEarth & Environmental Sciences$2HILCC 606 $aPhysical Geography$2HILCC 608 $aElectronic books 615 0$aStream measurements$xStatistical methods. 615 12$aRivers 615 0$aStreamflow$xStatistical methods. 615 0$aStreamflow$xStatistical methods 615 7$aGeography 615 7$aEarth & Environmental Sciences 615 7$aPhysical Geography 676 $a551.4/83/0182 700 $aFiering$b Myron B$0632241 701 $aBund$b Barbara$0896600 702 $aBund$b Barbara 801 0$bDLC 801 1$bDLC 906 $aBOOK 912 $a9910130893003321 996 $aSynthetic streamflows$92003167 997 $aUNINA 999 $aThis Record contains information from the Harvard Library Bibliographic Dataset, which is provided by the Harvard Library under its Bibliographic Dataset Use Terms and includes data made available by, among others the Library of Congress LEADER 02352nam 2200613 450 001 9910788941503321 005 20230725053308.0 035 $a(CKB)3710000000058202 035 $a(EBL)3115811 035 $a(SSID)ssj0001036792 035 $a(PQKBManifestationID)11554437 035 $a(PQKBTitleCode)TC0001036792 035 $a(PQKBWorkID)11042539 035 $a(PQKB)10036837 035 $a(MiAaPQ)EBC3115811 035 $a(Au-PeEL)EBL3115811 035 $a(CaPaEBR)ebr10781870 035 $a(OCoLC)922966400 035 $a(EXLCZ)993710000000058202 100 $a20131106d2010 uy 0 101 0 $aeng 135 $aur|n|---||||| 181 $ctxt 182 $cc 183 $acr 200 10$aBelgium and the monarchy $efrom national independence to national disintegration /$fHerman Van Goethem ; cover photo, Brussels, Royal Archives ; Reiner Van Hove, photographer ; Jules Van Paesschen, photographer 210 1$aBrussels, Belgium :$cUniversity Press Antwerp,$d2010. 210 4$dİ2010 215 $a1 online resource (295 p.) 300 $aDescription based upon print version of record. 311 $a90-5487-698-0 320 $aIncludes bibliographical references. 327 $a""Front ""; ""Table of Contents""; ""Introduction""; ""Leopold I""; ""Leopold II""; ""The first cracks in the faA?ade of national unity""; ""Albert I (until 1918) ""; ""Albert I (1918-1934) ""; ""Leopold III""; ""Prince Charles""; ""King Boudewijn""; ""Albert II""; ""Conclusion and diagnosis""; ""Endnotes""; ""Bibliography"" 606 $aMonarchy$zBelgium$xHistory 606 $aFederal government$zBelgium 607 $aBelgium$xPolitics and government$y1830-1914 607 $aBelgium$xPolitics and government$y1914- 607 $aBelgium$xHistory$y1830-1914 607 $aBelgium$xHistory$y1914- 607 $aBelgium$xKings and rulers 615 0$aMonarchy$xHistory. 615 0$aFederal government 676 $a949.3 700 $aGoethem$b Herman van$f1958-$01530988 701 $aBrussels$b Royal Archives$01530989 701 $aHove$b Reiner Van$01530990 701 $aPaesschen$b Jules van$01530991 801 0$bMiAaPQ 801 1$bMiAaPQ 801 2$bMiAaPQ 906 $aBOOK 912 $a9910788941503321 996 $aBelgium and the monarchy$93776378 997 $aUNINA LEADER 04752nam 2200601 450 001 9910786641903321 005 20230120014707.0 010 $a1-4832-5955-2 035 $a(CKB)3710000000200698 035 $a(EBL)1901593 035 $a(SSID)ssj0001441736 035 $a(PQKBManifestationID)11804060 035 $a(PQKBTitleCode)TC0001441736 035 $a(PQKBWorkID)11412589 035 $a(PQKB)10027119 035 $a(MiAaPQ)EBC1901593 035 $a(EXLCZ)993710000000200698 100 $a20150202h19821982 uy 0 101 0 $aeng 135 $aur|n|---||||| 181 $ctxt 182 $cc 183 $acr 200 00$aStatistical decision theory and related topics III$hVolume 2 /$fedited by Shanti S. Gupta and James O. Berger 210 1$aNew York ;$aLondon, England :$cAcademic Press,$d1982. 210 4$dİ1982 215 $a1 online resource (551 p.) 300 $a"Proceedings of the Third Purdue Symposium on Statistical Decision Theory and Related Topics, held at Purdue University on June 1-5, 1981"--T.p. verso. 311 $a1-322-55908-2 311 $a0-12-307502-5 320 $aIncludes bibliographical references at the end of each chapters. 327 $aFront Cover; Statistical Decision Theory and Related Topics III; Copyright Page; Table of Contents; CONTRIBUTORS; PREFACE; CONTENTS OF VOLUME 1; CHAPTER 1. SOME LOCALLY OPTIMAL SUBSET SELECTION RULES BASED ON RANKS; I. INTRODUCTION; II. SELECTING THE BEST POPULATION; III. COMPARISON WITH A CONTROL; REFERENCES; CHAPTER 2. CERTAIN BOUNDS ON THE CLASS OF ADMISSIBLE ESTIMATORS IN CONTINUOUS EXPONENTIAL FAMILIES; I. INTRODUCTION; II. A PRELIMINARY LEMMA; III. INADMISSIBILITY RESULTS; IV. REMARKS AND GENERALIZATIONS; ACKNOWLEDGMENT; REFERENCES 327 $aCHAPTER 3. RIDGE TYPE ESTIMATORS OF MULTINOMIAL CELL PROBABILITIESI. INTRODUCTION AND SUMMARY; II. RIDGE ESTIMATION; III. RIDGE ESTIMATORS OF p; IV. SMALL SAMPLE SITUATIONS; V. DISCUSSION; ACKNOWLEDGMENT; REFERENCES; CHAPTER 4. ASYMPTOTICALLY OPTIMAL PROCEDURES FOR SEQUENTIAL ADAPTIVE SELECTION OF THE BEST OF SEVERAL NORMAL MEANS; 1. INTRODUCTION; II. ELIMINATION PROCEDURES WITH VECTOR AT A TIME SAMPLING; III. ELIMINATION PROCEDURES WITH ADAPTIVE SAMPLING; REFERENCES; CHAPTER 5. MODEL ROBUST CONFIDENCE INTERVALS II; I. INTRODUCTION; II. CONFIDENCE INTERVAL; III. CONFIDENCE BANDS; REFERENCES 327 $aCHAPTER 6. ADAPTIVE DESIGN AND THE MULTIPERIOD CONTROL PROBLEMI. INTRODUCTION AND SUMMARY; II. BAYES SOLUTION TO THE MULTIPERIOD CONTROL PROBLEM IN THE CASE OF KNOWN ?; REFERENCES; CHAPTER 7. ON THE RISK OF BAYES ESTIMATES; I. INTRODUCTION; II. MAIN ASSUMPTIONS AND GENERAL INEQUALITIES; III. TESTS BETWEEN HELLINGER BALLS; IV. BOUNDS ON BAYES RISKS; V. COMPARISON WITH OTHER ESTIMATES; REFERENCES; CHAPTER 8. THE MINIMAL· COMPLETE CLASS OF PROCEDURES FOR COMBINING INDEPENDENT NONCENTRAL F-TESTS; I. INTRODUCTION; II. COMPLETE CLASS RESULTS; III. THE CONSTANT r(v, ?) 327 $aIV. PRELIMINARIES FOR THE NONPARAMETRIC TESTSV. INVERSE NORMAL PROCEDURE (1.10); VI. INVERSE LOGISTIC PROCEDURE (1.11); VII. SUMS OF pi 's (1.12); VIII. FISHER'S PARAMETRIC TEST (1. 3); IX. THE TEST (1.14); APPENDIX: COMPUTATIONS; REFERENCES; CHAPTER 9. RIDGE ESTIMATORS AS CONSTRAINED GENERALIZED LEAST SQUARES; I. INTRODUCTION; II. CONVEXITY OF THE GENERALIZED SUM OF SQUARES AND CONCAVITY OF THE CONSTRAINT; III. CONSTRAINED OPTIMIZATION; IV. CONCLUDING REMARKS; ACKNOWLEDGEMENT; REFERENCES 327 $aCHAPTER 10. BOUNDS FOR A K-FOLD INTEGRAL FOR LOCATION AND SCALE PARAMETER MODELS WITH APPLICATIONS TO STATISTICAL RANKING AND SELECTION PROBLEMSI. INTRODUCTION; II. THE MAIN BOUNDS; III. APPROXIMATIONS; IV. LIMITING DISTRIBUTION OF THE ESTIMATOR OF THE PCS FOR THE LOCATION PARAMETER MODEL; V. BOUNDS ON THE PROBABILITY FUNCTION OF A CORRECT COMPLETE RANKING; APPENDIX TO SECTION 3; REFERENCES; CHAPTER 11. THE ASYMPTOTIC DISTRIBUTION THEORY OF ONE SAMPLE SIGNED RANK STATISTIC; I. INTRODUCTION; II. PRELIMINARIES; III. THE ASYMPTOTIC NORMALITY OF SN+; IV. THE RATE OF CONVERGENCE; ACKNOWLEDGMENT 327 $aREFERENCES 330 $aStatistical Decision Theory and Related Topics III 606 $aStatistical decision$vCongresses 615 0$aStatistical decision 676 $a519.5/42 676 $a519.542 702 $aGupta$b Shanti Swarup$f1925- 702 $aBerger$b James O. 712 02$aPurdue University. 712 12$aPurdue Symposium on Statistical Decision Theory and Related Topics$d(3rd :$f1981 :$ePurdue University) 801 0$bMiAaPQ 801 1$bMiAaPQ 801 2$bMiAaPQ 906 $aBOOK 912 $a9910786641903321 996 $aStatistical decision theory and related topics III$93836039 997 $aUNINA